[Event "C.to Sociale Alfieri"]
[Site "Torino ITA"]
[Date "2010.11.06"]
[Round "1"]
[White "Di Chiara, Mauro"]
[Black "Femia, Nicola"]
[Result "1-0"]
[WhiteElo "1945"]
[BlackElo "1818"]
[PlyCount "149"]
[EventDate "2010.11.06"]

1. d4 d5 2. Nf3 Nf6 3. c4 c6 4. Nc3 e6 5. g3 Nbd7 6. Bg2 Be7 7. O-O O-O 8. b3
Re8 9. Bb2 Nf8 10. Qc2 Bd7 11. Rad1 Bb4 12. a3 Bxc3 13. Bxc3 b5 14. Nd2 bxc4
15. bxc4 a5 16. e4 h6 17. Qa2 Qc7 18. Ba1 a4 19. Rc1 Qb7 20. e5 N6h7 21. f4
Rec8 22. f5 f6 23. cxd5 cxd5 24. fxe6 Bxe6 25. exf6 Nxf6 26. Rxc8 Rxc8 27. Rb1
Qc6 28. Nf3 Qc2 29. Qxc2 Rxc2 30. Re1 Ra2 31. Bc3 Ne4 32. Bb4 Nd7 33. Nd2 Bf5
34. Nxe4 dxe4 35. Bxe4 Bxe4 36. Rxe4 Nf6 37. Rf4 Nd5 38. Rf8+ Kh7 39. Bc5 Ne3
40. Ra8 Rg2+ 41. Kh1 Rd2 42. h4 Rd1+ 43. Kh2 h5 44. Rxa4 Rd2+ 45. Kg1 Rg2+ 46.
Kh1 Rxg3 47. d5 Nxd5 48. Kh2 Rd3 49. Rd4 Rxd4 50. Bxd4 Kg8 51. Kg3 Kf7 52. a4
g6 53. a5 Nc7 54. Bb6 Na6 55. Kf4 Kf6 56. Bd4+ Ke6 57. Kg5 Kf7 58. Be5 Nc5 59.
Kh6 Na6 60. Bd6 Kf6 61. Ba3 Kf5 62. Bc1 Kg4 63. Kxg6 Kxh4 64. Kf6 Kg4 65. Ke6
h4 66. Ba3 Kf4 67. Kd5 h3 68. Bd6+ Kf5 69. Kc6 Nb4+ 70. Kb5 Ke6 71. Bh2 Nd5 72.
a6 Nc3+ 73. Kc6 Nd5 74. a7 Ne7+ 75. Kb7 1-0

[Event "C.to Sociale Alfieri"]
[Site "Torino ITA"]
[Date "2010.11.06"]
[Round "1"]
[White "Leoni, Alessandro"]
[Black "Manni, Stefano"]
[Result "0-1"]
[WhiteElo "1873"]
[BlackElo "1994"]
[PlyCount "80"]
[EventDate "2010.11.06"]

1. e4 e5 2. Nf3 Nc6 3. Bb5 Nf6 4. O-O Nxe4 5. d4 Nd6 6. Bxc6 dxc6 7. dxe5 Nf5
8. Qxd8+ Kxd8 9. Nc3 h6 10. Rd1+ Ke8 11. h3 Ne7 12. b3 Ng6 13. Bb2 a5 14. Rd2
Bb4 15. Rad1 Ke7 16. a3 Bxc3 17. Bxc3 c5 18. a4 b6 19. Bb2 Bf5 20. Ba3 Rad8 21.
Nd4 Bd7 22. g3 Nxe5 23. f4 Ng6 24. Nc6+ Bxc6 25. Re1+ Kf6 26. Bb2+ Kf5 27. g4+
Kxf4 28. Rf2+ Kg3 29. Re3+ Kh4 30. Rf5 Rd1+ 31. Kf2 Rd5 32. Bxg7 Rxf5+ 33. gxf5
Re8 34. fxg6 Rxe3 35. Kxe3 fxg6 36. Bxh6 g5 37. Bg7 Kxh3 38. Be5 g4 39. Bxc7 g3
40. Bxb6 g2 0-1

[Event "C.to Sociale Alfieri"]
[Site "Torino ITA"]
[Date "2010.11.06"]
[Round "1"]
[White "Moncelli, Giorgio"]
[Black "Loccisano, Giuseppe"]
[Result "1-0"]
[WhiteElo "2081"]
[BlackElo "1800"]
[PlyCount "53"]
[EventDate "2010.11.06"]

1. c4 Nf6 2. g3 e6 3. Bg2 d5 4. Nf3 b6 5. O-O Bb7 6. b3 Be7 7. Bb2 O-O 8. e3
Nbd7 9. Nc3 Nc5 10. Ne5 Nfd7 11. Nxd7 Qxd7 12. d4 Na6 13. Qe2 Bb4 14. cxd5 exd5
15. Nxd5 Bxd5 16. Bxd5 Qxd5 17. Qxa6 Rfe8 18. Rac1 Bd6 19. Ba3 h5 20. Bxd6 cxd6
21. Qc4 Qf3 22. Qc6 Qg4 23. Qxd6 Re6 24. Qd5 Rae8 25. h4 Rf6 26. Kg2 Rg6 27.
Rc6 1-0

[Event "C.to Sociale Alfieri"]
[Site "Torino ITA"]
[Date "2010.11.06"]
[Round "1"]
[White "Topczewski, Damian"]
[Black "Quagliana, Giuseppe"]
[Result "1-0"]
[WhiteElo "2200"]
[BlackElo "2062"]
[PlyCount "61"]
[EventDate "2010.11.06"]

1. e4 e6 2. d4 d5 3. Nd2 Nf6 4. e5 Nfd7 5. Bd3 c5 6. c3 Nc6 7. Ne2 Be7 8. O-O
a5 9. Kh1 cxd4 10. cxd4 Nb4 11. Bb1 Nb6 12. f4 g6 13. Nf3 Bd7 14. a3 Nc6 15.
Nc3 Na7 16. Bd3 a4 17. Qe2 Rc8 18. g4 h5 19. Ng5 Nc4 20. gxh5 Rxh5 21. Nxf7
Kxf7 22. Bxg6+ Kxg6 23. Qg4+ Kh6 24. f5+ Bg5 25. fxe6 Rc6 26. Bxg5+ Qxg5 27.
Rf6+ Kh7 28. Rf7+ Kh8 29. Qxg5 Rxg5 30. exd7 Rg8 31. Nxd5 1-0

[Event "C.to Sociale Alfieri"]
[Site "Torino ITA"]
[Date "2010.11.13"]
[Round "2"]
[White "Femia, Nicola"]
[Black "Leoni, Alessandro"]
[Result "0-1"]
[WhiteElo "1818"]
[BlackElo "1873"]
[PlyCount "72"]
[EventDate "2010.11.06"]

1. d4 Nf6 2. c4 g6 3. Nc3 d5 4. Nf3 Bg7 5. cxd5 Nxd5 6. e4 Nxc3 7. bxc3 c5 8.
Be2 Nc6 9. Bb2 cxd4 10. cxd4 Qa5+ 11. Qd2 Qxd2+ 12. Kxd2 O-O 13. Rhd1 Rd8 14.
Kc2 Bg4 15. e5 Rac8 16. Kb3 Na5+ 17. Kb4 b6 18. Rac1 Bh6 19. Rxc8 Rxc8 20. Bd3
Be6 21. Ka3 Bd5 22. Ne1 e6 23. Ba6 Nc4+ 24. Bxc4 Rxc4 25. Ba1 Bc1+ 26. Kb3 a5
27. Bc3 Rxd4+ 28. Kc2 Rxd1 29. Kxd1 Ba3 30. Bd4 b5 31. Nc2 Be7 32. a3 Bxg2 33.
Bb6 b4 34. axb4 axb4 35. Kc1 b3 36. Nd4 Ba3+ 0-1

[Event "C.to Sociale Alfieri"]
[Site "Torino ITA"]
[Date "2010.11.13"]
[Round "2"]
[White "Manni, Stefano"]
[Black "Moncelli, Giorgio"]
[Result "0-1"]
[WhiteElo "1994"]
[BlackElo "2081"]
[PlyCount "40"]
[EventDate "2010.11.06"]

1. d4 Nf6 2. Nf3 b6 3. e3 Bb7 4. Bd3 e6 5. Nbd2 c5 6. O-O Be7 7. c3 O-O 8. e4
cxd4 9. cxd4 Ba6 10. Bxa6 Nxa6 11. e5 Nd5 12. Ne4 Nab4 13. Bg5 Bxg5 14. Nexg5
f5 15. exf6 Qxf6 16. a3 Nc6 17. Qd3 g6 18. Rac1 Nf4 19. Qe3 Nxd4 20. Rc7 Nxf3+
0-1

[Event "C.to Sociale Alfieri"]
[Site "Torino ITA"]
[Date "2010.11.13"]
[Round "2"]
[White "Quagliana, Giuseppe"]
[Black "Loccisano, Giuseppe"]
[Result "1/2-1/2"]
[WhiteElo "2062"]
[BlackElo "1800"]
[PlyCount "98"]
[EventDate "2010.11.06"]

1. d4 Nf6 2. Bf4 d5 3. e3 e6 4. Nd2 Be7 5. Bd3 b6 6. h3 Bb7 7. Ngf3 Nbd7 8. Ne5
c5 9. c3 O-O 10. Qf3 Re8 11. g4 cxd4 12. exd4 Nxe5 13. Bxe5 Nd7 14. Bg3 Bf6 15.
O-O-O e5 16. dxe5 Bxe5 17. Rhe1 Qc7 18. Qe3 Bxg3 19. Qxg3 Qc6 20. Nf3 Nc5 21.
Bc2 Ne4 22. Bxe4 dxe4 23. Ne5 Qe6 24. Nd3 Qxa2 25. Nb4 Qe6 26. Qc7 Re7 27. Rd8+
Rxd8 28. Qxd8+ Re8 29. Rd1 h6 30. Qc7 a5 31. Nc2 Ba6 32. Rd6 Qe5 33. Qxb6 Bd3
34. Rd7 Qg5+ 35. Qe3 Qb5 36. Rd4 Rb8 37. b4 Qa4 38. Qd2 Rc8 39. bxa5 Qxa5 40.
Rb4 Bxc2 41. Qxc2 Qa1+ 42. Kd2 Qf1 43. Qxe4 Qxf2+ 44. Kd1 Qf1+ 45. Kc2 Qxh3 46.
Rb3 Qh2+ 47. Kb1 Qg1+ 48. Ka2 Qa7+ 49. Kb1 Qg1+ 1/2-1/2

[Event "C.to Sociale Alfieri"]
[Site "Torino ITA"]
[Date "2010.11.13"]
[Round "2"]
[White "Topczewski, Damian"]
[Black "Di Chiara, Mauro"]
[Result "1-0"]
[WhiteElo "2200"]
[BlackElo "1945"]
[PlyCount "59"]
[EventDate "2010.11.06"]

1. b4 g6 2. Bb2 Nf6 3. c4 Bg7 4. e3 O-O 5. d4 d6 6. Nf3 c5 7. a3 a5 8. b5 Nbd7
9. Be2 b6 10. d5 Qc7 11. Qc2 e5 12. Nbd2 Ng4 13. h3 Nh6 14. g4 Qd8 15. e4 Kh8
16. g5 Ng8 17. O-O-O f5 18. h4 Ne7 19. h5 Kg8 20. Nh4 f4 21. Rdg1 Nb8 22. Qd1
Qc7 23. hxg6 hxg6 24. Rh2 Kf7 25. Rgh1 Rh8 26. Nxg6 Nxg6 27. Bh5 Qd8 28. Bxg6+
Kxg6 29. Rxh8 Bxh8 30. Qh5+ 1-0

[Event "C.to Sociale Alfieri"]
[Site "Torino ITA"]
[Date "2010.11.20"]
[Round "3"]
[White "Di Chiara, Mauro"]
[Black "Quagliana, Giuseppe"]
[Result "1-0"]
[WhiteElo "1945"]
[BlackElo "2062"]
[PlyCount "53"]
[EventDate "2010.11.06"]

1. d4 g6 2. e4 Bg7 3. Nf3 d6 4. Bd3 Nd7 5. O-O e5 6. c3 Ne7 7. Bg5 h6 8. Bh4
O-O 9. Na3 a6 10. Nc4 Qe8 11. a4 Nc6 12. Bc2 f5 13. exf5 gxf5 14. dxe5 dxe5 15.
Ne3 e4 16. Qd5+ Kh8 17. Nxf5 exf3 18. Nxg7 Kxg7 19. Qd3 Rh8 20. Qxf3 Qf7 21.
Qg3+ Kf8 22. Qxc7 Rg8 23. Rae1 Nf6 24. Qd6+ Kg7 25. Bxf6+ Qxf6 26. Qc7+ Kh8 27.
Qh7# 1-0

[Event "C.to Sociale Alfieri"]
[Site "Torino ITA"]
[Date "2010.11.20"]
[Round "3"]
[White "Leoni, Alessandro"]
[Black "Topczewski, Damian"]
[Result "0-1"]
[WhiteElo "1873"]
[BlackElo "2200"]
[PlyCount "132"]
[EventDate "2010.11.06"]

1. e4 c5 2. Nf3 Nc6 3. d4 cxd4 4. Nxd4 g6 5. Nc3 Bg7 6. Be3 Nf6 7. Bc4 O-O 8.
Nxc6 dxc6 9. e5 Ng4 10. e6 Bxe6 11. Bxe6 Nxe3 12. fxe3 fxe6 13. Qg4 Qb6 14.
Qxe6+ Kh8 15. O-O-O Qc5 16. Rd7 Rae8 17. Na4 Qb5 18. Nc3 Qb4 19. a3 Qc5 20. Na4
Qa5 21. Qe4 Qb5 22. Nc3 Qc5 23. Na4 Qb5 24. Nc3 Rf1+ 25. Rd1 Bxc3 26. bxc3 Rxh1
27. Rxh1 Qa5 28. Qd4+ e5 29. Qb4 Qc7 30. Rf1 Qe7 31. Kb2 Kg7 32. Qc4 a6 33. Rd1
Rc8 34. Qg4 Rc7 35. h4 h5 36. Qe4 Qc5 37. g4 hxg4 38. Qxg4 Qxe3 39. Rd6 Qh6 40.
Qe6 Rf7 41. Qxe5+ Kh7 42. Rd8 Qg7 43. Qxg7+ Kxg7 44. Kb3 Kh6 45. Rh8+ Rh7 46.
Rd8 Kh5 47. Rd4 Rf7 48. Kc4 Rf5 49. a4 Ra5 50. Kb3 Rf5 51. Kc4 Rf2 52. a5 Rxc2
53. Kc5 Rxc3+ 54. Kb6 Rb3+ 55. Ka7 Rb5 56. Ra4 c5 57. Rc4 g5 58. hxg5 Kxg5 59.
Kb8 Kf5 60. Kc7 Ke5 61. Ra4 Kd5 62. Ra1 c4 63. Rd1+ Kc5 64. Rh1 c3 65. Rh5+ Kb4
66. Rh3 c2 0-1

[Event "C.to Sociale Alfieri"]
[Site "Torino ITA"]
[Date "2010.11.20"]
[Round "3"]
[White "Loccisano, Giuseppe"]
[Black "Manni, Stefano"]
[Result "0-1"]
[WhiteElo "1800"]
[BlackElo "1994"]
[PlyCount "32"]
[EventDate "2010.11.06"]

1. e4 e5 2. Nf3 Nc6 3. d4 exd4 4. Bc4 Bc5 5. c3 Nf6 6. Bg5 h6 7. Bxf6 Qxf6 8.
O-O d6 9. Bb5 Bg4 10. Qa4 O-O 11. Nfd2 dxc3 12. Nxc3 Qg5 13. Nb3 Bh3 14. g3
Bxf1 15. Nxc5 Bxb5 16. Qxb5 Qxc5 0-1

[Event "C.to Sociale Alfieri"]
[Site "Torino ITA"]
[Date "2010.11.20"]
[Round "3"]
[White "Moncelli, Giorgio"]
[Black "Femia, Nicola"]
[Result "1-0"]
[WhiteElo "2081"]
[BlackElo "1818"]
[PlyCount "75"]
[EventDate "2010.11.06"]

1. Nf3 d5 2. g3 Nf6 3. Bg2 e6 4. O-O Be7 5. d3 O-O 6. Nbd2 c5 7. e4 Nc6 8. e5
Nd7 9. Re1 Qc7 10. Qe2 b5 11. Nf1 c4 12. d4 h6 13. h4 Qd8 14. N1h2 f5 15. exf6
Nxf6 16. c3 Bd7 17. Ne5 Nxe5 18. dxe5 Nh7 19. Nf3 Bc5 20. Be3 Bxe3 21. Qxe3 Qe7
22. Nd4 a5 23. f4 Qc5 24. Rad1 b4 25. f5 exf5 26. Nxf5 Qxe3+ 27. Nxe3 Be6 28.
Nxd5 Ra7 29. Nf4 Rxf4 30. gxf4 Nf8 31. Bd5 Rc7 32. Bxe6+ Nxe6 33. f5 Nc5 34. e6
Re7 35. Rd8+ Kh7 36. Re4 bxc3 37. Rxc4 cxb2 38. Rb8 1-0

[Event "C.to Sociale Alfieri"]
[Site "Torino ITA"]
[Date "2010.11.27"]
[Round "4"]
[White "Di Chiara, Mauro"]
[Black "Leoni, Alessandro"]
[Result "1-0"]
[WhiteElo "1945"]
[BlackElo "1873"]
[PlyCount "39"]
[EventDate "2010.11.06"]

1. d4 Nf6 2. Nf3 c5 3. e3 e6 4. c4 b6 5. Nc3 d6 6. Bd3 Bb7 7. O-O Nbd7 8. Qe2
Be7 9. Rd1 a6 10. d5 O-O 11. dxe6 Bxf3 12. exf7+ Rxf7 13. Qxf3 Ne5 14. Qe2 Nfg4
15. f3 Bh4 16. Ne4 Nf6 17. Nxf6+ Qxf6 18. Be4 Re8 19. Bd5 Bg5 20. f4 1-0

[Event "C.to Sociale Alfieri"]
[Site "Torino ITA"]
[Date "2010.11.27"]
[Round "4"]
[White "Femia, Nicola"]
[Black "Loccisano, Giuseppe"]
[Result "1-0"]
[WhiteElo "1818"]
[BlackElo "1800"]
[PlyCount "67"]
[EventDate "2010.11.06"]

1. d4 Nf6 2. Nf3 d5 3. c4 e6 4. e3 Be7 5. Bd3 b6 6. cxd5 exd5 7. O-O Bb7 8. Nc3
O-O 9. Bd2 Nbd7 10. Rc1 c5 11. Ne2 Ne4 12. Bc3 Ndf6 13. Ne5 Bd6 14. f4 Bxe5 15.
fxe5 Ng4 16. Bd2 Qh4 17. h3 Ngf2 18. Qe1 Nxh3+ 19. gxh3 Qxh3 20. Bxe4 dxe4 21.
Qg3 Qd7 22. Bc3 Kh8 23. Rf4 Rfe8 24. Rcf1 Re6 25. Rg4 Rg8 26. Nf4 Rh6 27. Rf2
Bc8 28. Rg5 Qe7 29. d5 Qf8 30. Rg2 Ba6 31. Rh2 Rxh2 32. Qxh2 h6 33. e6 f6 34.
Ng6+ 1-0

[Event "C.to Sociale Alfieri"]
[Site "Torino ITA"]
[Date "2010.11.27"]
[Round "4"]
[White "Quagliana, Giuseppe"]
[Black "Manni, Stefano"]
[Result "0-1"]
[WhiteElo "2062"]
[BlackElo "1994"]
[PlyCount "68"]
[EventDate "2010.11.06"]

1. d4 d5 2. Bf4 Nf6 3. e3 c5 4. c3 Qb6 5. Qb3 c4 6. Qxb6 axb6 7. Nd2 Nc6 8. e4
e6 9. a3 b5 10. Ngf3 dxe4 11. Ng5 Nd5 12. Bg3 f5 13. h4 Be7 14. Nh3 O-O 15. Nf4
Bf6 16. Rd1 Nxf4 17. Bxf4 e5 18. dxe5 Bxe5 19. Be3 f4 20. Bc5 Re8 21. Be2 Bf6
22. h5 f3 23. gxf3 exf3 24. Nxf3 Bg4 25. Kf1 Rxe2 26. Kxe2 Ne5 27. Bd6 Bxf3+
28. Ke3 Bxh1 29. Bxe5 Bxe5 30. Rxh1 Rd8 31. Rh4 Bf6 32. Re4 Kf7 33. a4 Rd3+ 34.
Ke2 Rd5 0-1

[Event "C.to Sociale Alfieri"]
[Site "Torino ITA"]
[Date "2010.11.27"]
[Round "4"]
[White "Topczewski, Damian"]
[Black "Moncelli, Giorgio"]
[Result "1-0"]
[WhiteElo "2200"]
[BlackElo "2081"]
[PlyCount "51"]
[EventDate "2010.11.06"]

1. f4 c5 2. Nf3 g6 3. e4 Bg7 4. Bc4 Nc6 5. O-O e6 6. Nc3 Nge7 7. e5 d5 8. exd6
Nf5 9. Bb5 Bd7 10. Ne4 Ncd4 11. Bxd7+ Qxd7 12. Ne5 Qd8 13. d7+ Ke7 14. c3 Nc6
15. Nxc6+ bxc6 16. Nxc5 Qb6 17. d4 h5 18. b3 Kd8 19. Qd3 Bf8 20. Ba3 Bd6 21.
Rad1 Ke7 22. c4 a5 23. Kh1 Rhd8 24. Qe4 Rh8 25. Rfe1 Ng7 26. Na4 1-0

[Event "C.to Sociale Alfieri"]
[Site "Torino ITA"]
[Date "2010.11.28"]
[Round "5"]
[White "Leoni, Alessandro"]
[Black "Quagliana, Giuseppe"]
[Result "1/2-1/2"]
[WhiteElo "1873"]
[BlackElo "2062"]
[PlyCount "94"]
[EventDate "2010.11.06"]

1. e4 e6 2. c4 d5 3. exd5 exd5 4. d4 Nf6 5. Nf3 Be7 6. Nc3 O-O 7. Bd3 dxc4 8.
Bxc4 Nbd7 9. O-O Nb6 10. Bb3 c6 11. Bg5 Bg4 12. Re1 h6 13. Bh4 Nfd5 14. Bxe7
Nxe7 15. Qd3 Bf5 16. Ne4 Ned5 17. Ne5 Bxe4 18. Qxe4 Nf6 19. Qg6 Nbd5 20. Qf5
Qc8 21. Qf3 Qd8 22. Rac1 Qd6 23. a3 Rad8 24. Ba2 Nc7 25. Qb3 Ne6 26. Nxf7 Nxd4
27. Qd3 Rxf7 28. Rcd1 c5 29. Bxf7+ Kxf7 30. Qc4+ Kf8 31. h3 b5 32. Qd3 Qf4 33.
Rc1 c4 34. Qc3 Nd5 35. Qa5 Ne2+ 36. Kh1 Re8 37. Qxa7 Kg8 38. Rcd1 Nf6 39. Qc5
Ne4 40. Qd5+ Kh8 41. Rxe2 Nxf2+ 42. Rxf2 Qxf2 43. Qxb5 Re2 44. Qc6 Re1+ 45.
Rxe1 Qxe1+ 46. Kh2 Qe5+ 47. Kh1 Qxb2 1/2-1/2

[Event "C.to Sociale Alfieri"]
[Site "Torino ITA"]
[Date "2010.11.28"]
[Round "5"]
[White "Loccisano, Giuseppe"]
[Black "Topczewski, Damian"]
[Result "0-1"]
[WhiteElo "1800"]
[BlackElo "2200"]
[PlyCount "72"]
[EventDate "2010.11.06"]

1. d4 Nf6 2. Nf3 g6 3. g3 d5 4. Bg2 Bg7 5. O-O O-O 6. Nbd2 Nc6 7. Re1 Bg4 8. h3
Bf5 9. c3 Re8 10. Nh4 Bd7 11. e4 dxe4 12. Nxe4 Nxe4 13. Rxe4 e5 14. d5 Ne7 15.
Bg5 f6 16. Bd2 Nxd5 17. Qb3 Bc6 18. Ree1 Kf8 19. c4 Ne7 20. Rad1 Qc8 21. f3 g5
22. Qc2 gxh4 23. Qxh7 Qf5 24. Qxf5 Nxf5 25. g4 Nd4 26. Bb4+ Kf7 27. Rf1 Bh6 28.
Kh1 Ne2 29. Be1 Bg5 30. a3 Rad8 31. Rxd8 Rxd8 32. Bf2 Rd3 33. Re1 Nf4 34. Bxa7
Nxg2 35. Kxg2 Rxf3 36. Kg1 Rxh3 0-1

[Event "C.to Sociale Alfieri"]
[Site "Torino ITA"]
[Date "2010.11.28"]
[Round "5"]
[White "Manni, Stefano"]
[Black "Femia, Nicola"]
[Result "1-0"]
[WhiteElo "1994"]
[BlackElo "1818"]
[PlyCount "57"]
[EventDate "2010.11.06"]

1. d4 d5 2. Nf3 e6 3. e3 Nf6 4. Bd3 Be7 5. b3 O-O 6. Bb2 Nbd7 7. O-O h6 8. Nbd2
Re8 9. Ne5 Nf8 10. f4 c6 11. g4 N6h7 12. Qf3 f5 13. gxf5 exf5 14. Qh3 Bd6 15.
Bxf5 Qf6 16. Bxc8 Raxc8 17. Ndf3 Rc7 18. Kh1 Rce7 19. Rg1 Qe6 20. f5 Qc8 21.
Raf1 Nf6 22. Qxh6 Qxf5 23. Rg5 Qh7 24. Qxf6 Bxe5 25. Nxe5 Qe4+ 26. Qf3 Qxc2 27.
Ba3 Ne6 28. Bxe7 Nxg5 29. Bxg5 1-0

[Event "C.to Sociale Alfieri"]
[Site "Torino ITA"]
[Date "2010.11.28"]
[Round "5"]
[White "Moncelli, Giorgio"]
[Black "Di Chiara, Mauro"]
[Result "1/2-1/2"]
[WhiteElo "2081"]
[BlackElo "1945"]
[PlyCount "55"]
[EventDate "2010.11.06"]

1. c4 Nf6 2. g3 g6 3. Bg2 Bg7 4. Nc3 O-O 5. e4 d6 6. Nge2 e5 7. O-O Nc6 8. d3
Nh5 9. Be3 Be6 10. h3 f5 11. exf5 gxf5 12. f4 exf4 13. Nxf4 Nxf4 14. Bxf4 Nd4
15. Qd2 c6 16. Rae1 Bf7 17. Bg5 Qb6 18. Kh2 Rfe8 19. Bh6 Rxe1 20. Rxe1 Bxh6 21.
Qxh6 Nf3+ 22. Bxf3 Qf2+ 23. Bg2 Qxe1 24. Qg5+ Kh8 25. Qf6+ Kg8 26. Qg5+ Kh8 27.
Qf6+ Kg8 28. Qg5+ 1/2-1/2

[Event "C.to Sociale Alfieri"]
[Site "Torino ITA"]
[Date "2010.12.04"]
[Round "6"]
[White "Di Chiara, Mauro"]
[Black "Loccisano, Giuseppe"]
[Result "1-0"]
[WhiteElo "1945"]
[BlackElo "1800"]
[PlyCount "151"]
[EventDate "2010.11.06"]

1. d4 Nf6 2. Nf3 d5 3. c4 e6 4. Nc3 Be7 5. g3 b6 6. Bg2 Bb7 7. Ne5 Nbd7 8. Qa4
O-O 9. cxd5 Nxe5 10. dxe5 Nxd5 11. Nxd5 Bxd5 12. e4 Bb7 13. O-O c6 14. Be3 Qc7
15. f4 Rfd8 16. Rad1 b5 17. Qc2 c5 18. Rxd8+ Rxd8 19. Rd1 Rxd1+ 20. Qxd1 g6 21.
Qd3 c4 22. Qd4 a6 23. Qa7 Bf8 24. Bb6 Qc6 25. Bd4 b4 26. Qb6 Qxb6 27. Bxb6 c3
28. bxc3 bxc3 29. Bd4 c2 30. Bb2 Bb4 31. Bc1 a5 32. Kf2 Ba6 33. Bf1 Bc5+ 34.
Kg2 Bxf1+ 35. Kxf1 Kf8 36. Ke2 Ke8 37. Kd3 Kd7 38. Kxc2 Kc6 39. Kb3 Kb5 40. a4+
Kb6 41. Kc4 Bg1 42. h3 Bf2 43. g4 Bg1 44. f5 Bh2 45. Bb2 Bf4 46. Bc3 Bg3 47.
Kd3 Bf2 48. Ke2 Bg1 49. Kf3 Bc5 50. Kf4 Bb4 51. Bd4+ Bc5 52. Bb2 Be7 53. Ke3
Kc6 54. Kd3 Bd8 55. Kc4 Bb6 56. Bd4 Bd8 57. f6 Bc7 58. h4 h5 59. gxh5 gxh5 60.
Kd3 Bd8 61. Ke2 Bc7 62. Kf3 Bb6 63. Bxb6 Kxb6 64. Kf4 Kc5 65. Kg5 Kb4 66. Kxh5
Kxa4 67. Kg4 Kb4 68. h5 a4 69. h6 a3 70. h7 a2 71. h8=Q a1=Q 72. Qf8+ Kc4 73.
Qxf7 Qxe5 74. Kf3 Qc3+ 75. Kf4 Kd4 76. Qd7+ 1-0

[Event "C.to Sociale Alfieri"]
[Site "Torino ITA"]
[Date "2010.12.04"]
[Round "6"]
[White "Quagliana, Giuseppe"]
[Black "Femia, Nicola"]
[Result "1-0"]
[WhiteElo "2062"]
[BlackElo "1818"]
[PlyCount "67"]
[EventDate "2010.11.06"]

1. d4 d5 2. Bf4 e6 3. e3 c5 4. c3 Nf6 5. Nd2 Be7 6. Bd3 Nc6 7. h3 Bd7 8. Ngf3
c4 9. Bc2 b5 10. a3 a5 11. Ne5 O-O 12. g4 Nxe5 13. Bxe5 Ne8 14. h4 f6 15. Bg3
Bd6 16. f4 Qc7 17. Nf3 g6 18. g5 f5 19. h5 Bc6 20. hxg6 hxg6 21. Rh6 Kg7 22.
Nh4 Rh8 23. Rxh8 Kxh8 24. Nxg6+ Kg7 25. Qh5 Ra7 26. Ke2 Kf7 27. Rh1 Ng7 28.
Ne5+ Ke7 29. Qf7+ Kd8 30. Nxc6+ Qxc6 31. Rh8+ Ne8 32. Qxa7 Bc7 33. g6 Kd7 34.
g7 1-0

[Event "C.to Sociale Alfieri"]
[Site "Torino ITA"]
[Date "2010.12.04"]
[Round "6"]
[White "Topczewski, Damian"]
[Black "Manni, Stefano"]
[Result "1-0"]
[WhiteElo "2200"]
[BlackElo "1994"]
[PlyCount "39"]
[EventDate "2010.11.06"]

1. f4 d5 2. Nf3 Bg4 3. Ne5 Bh5 4. d4 e6 5. Nd2 c5 6. c3 cxd4 7. Qa4+ Nd7 8.
cxd4 f6 9. Nd3 Bd6 10. g3 f5 11. Nb3 a6 12. Bd2 Ngf6 13. Nbc5 b5 14. Qc2 Rc8
15. Bg2 Ne4 16. b4 Nb6 17. Bf3 Bxf3 18. exf3 Nxd2 19. Qxd2 Nc4 20. Qe2 1-0

[Event "C.to Sociale Alfieri"]
[Site "Torino ITA"]
[Date "2010.12.05"]
[Round "7"]
[White "Femia, Nicola"]
[Black "Topczewski, Damian"]
[Result "0-1"]
[WhiteElo "1818"]
[BlackElo "2200"]
[PlyCount "114"]
[EventDate "2010.11.06"]

1. d4 d5 2. c4 c6 3. Nc3 Nf6 4. Nf3 a6 5. a4 e6 6. e3 Bb4 7. Bd2 O-O 8. Bd3 c5
9. O-O Nc6 10. dxc5 Bxc5 11. cxd5 exd5 12. h3 Be6 13. Ne2 Ne4 14. Qc2 Ba7 15.
Bxe4 dxe4 16. Nfd4 Nxd4 17. Nxd4 Bxd4 18. exd4 Qxd4 19. Bc3 Qc4 20. Rfe1 f5 21.
Re3 Rae8 22. Rg3 Rf7 23. Qd2 f4 24. Rg5 Ref8 25. Rc1 Qxa4 26. Qxf4 Qd7 27. Qg3
Bf5 28. Qe3 Bg6 29. Qd4 Qe7 30. Rxg6 hxg6 31. Bb4 Qd8 32. Qxe4 Re8 33. Qxg6 Qf6
34. Qxf6 Rxf6 35. Rc7 Rf7 36. Rc4 Re2 37. Bc3 Rexf2 38. Rg4 Rf1+ 39. Kh2 R1f4
40. Rg5 Rc4 41. Kg3 Rc6 42. h4 b6 43. h5 Kh7 44. Kh4 a5 45. Rb5 Rf4+ 46. g4
Rfc4 47. Rd5 a4 48. Rd7 Rc7 49. Rd6 a3 50. Rxb6 Ra7 51. Be5 a2 52. b3 Re4 53.
Ba1 Re1 54. g5 Rxa1 55. g6+ Kh6 56. Rb8 Rh1+ 57. Kg4 Rxh5 0-1

[Event "C.to Sociale Alfieri"]
[Site "Torino ITA"]
[Date "2010.12.05"]
[Round "7"]
[White "Manni, Stefano"]
[Black "Di Chiara, Mauro"]
[Result "1-0"]
[WhiteElo "1994"]
[BlackElo "1945"]
[PlyCount "47"]
[EventDate "2010.11.06"]

1. d4 d6 2. e4 Nf6 3. Nc3 g6 4. Nf3 Bg7 5. h3 O-O 6. Be3 c6 7. a4 a5 8. Be2 Na6
9. Qc1 Nb4 10. O-O Qc7 11. Rd1 Bd7 12. Nd2 Rad8 13. Nc4 d5 14. Bf4 Qxf4 15.
Qxf4 dxc4 16. Bxc4 Nxc2 17. Rac1 Nh5 18. Qc7 Nxd4 19. Ne2 e5 20. Nxd4 exd4 21.
Qxb7 Rfe8 22. Re1 Nf4 23. Rcd1 Re7 24. Qc7 1-0

[Event "LV C.to Torinese Assoluto"]
[Site "Torino ITA"]
[Date "2010.11.08"]
[Round "1"]
[White "Barbiso, Tiziana"]
[Black "Ravazzolo, Gaia"]
[Result "1-0"]
[WhiteElo "2057"]
[BlackElo "1719"]
[PlyCount "41"]
[EventDate "2010.11.08"]

1. e4 c6 2. d4 d5 3. f3 g6 4. Nc3 Bg7 5. Be3 Qa5 6. Qd2 e6 7. e5 Nd7 8. f4 Ne7
9. Nf3 O-O 10. g4 c5 11. h4 Rb8 12. h5 b5 13. hxg6 hxg6 14. Qh2 Rd8 15. Bf2 b4
16. Nd1 b3+ 17. c3 bxa2 18. Bh4 Kf8 19. dxc5 Qxc5 20. Nd4 Qa5 21. Bxe7+ 1-0

[Event "LV C.to Torinese Assoluto"]
[Site "Torino ITA"]
[Date "2010.11.08"]
[Round "1"]
[White "Castaldo, Folco"]
[Black "Davi, Alessandro"]
[Result "1-0"]
[WhiteElo "2419"]
[BlackElo "2055"]
[PlyCount "59"]
[EventDate "2010.11.08"]

1. e4 c6 2. d4 d5 3. f3 Qb6 4. Nc3 e5 5. dxe5 Bc5 6. Na4 Qa5+ 7. c3 Bxg1 8. b4
Qc7 9. Rxg1 Qxe5 10. Qd4 Qxd4 11. cxd4 dxe4 12. fxe4 Nf6 13. Bd3 O-O 14. Kf2
Nbd7 15. Re1 Rd8 16. Bb2 Ng4+ 17. Kg1 Nde5 18. Bf1 Ng6 19. Rac1 b6 20. Rxc6 Bd7
21. b5 Bxc6 22. bxc6 Rac8 23. h3 Nf6 24. d5 Ne8 25. Ba6 Rc7 26. Nc3 Re7 27. Rd1
Nc7 28. Bb7 Ne8 29. Ba3 Re5 30. d6 1-0

[Event "LV C.to Torinese Assoluto"]
[Site "Torino ITA"]
[Date "2010.11.08"]
[Round "1"]
[White "De Barberis, Massimo"]
[Black "Vozza, Nicola"]
[Result "1-0"]
[WhiteElo "2076"]
[BlackElo "1902"]
[PlyCount "45"]
[EventDate "2010.11.08"]

1. e4 e5 2. Bc4 Nf6 3. Nc3 Nc6 4. d3 Be7 5. Nge2 d6 6. O-O Na5 7. Bb3 Nxb3 8.
axb3 c6 9. h3 Qc7 10. f4 Nd7 11. Be3 a6 12. Qe1 Bf6 13. Qf2 O-O 14. Rad1 b5 15.
Ng3 b4 16. Nce2 d5 17. Nh5 dxe4 18. Nxf6+ Nxf6 19. fxe5 Qxe5 20. Bd4 e3 21. Qh4
Qh5 22. Bxf6 Qxe2 23. Qg5 1-0

[Event "LV C.to Torinese Assoluto"]
[Site "Torino ITA"]
[Date "2010.11.08"]
[Round "1"]
[White "Gallucci, Alessio"]
[Black "Banchio, Davide"]
[Result "1-0"]
[WhiteElo "2185"]
[BlackElo "1945"]
[PlyCount "81"]
[EventDate "2010.11.08"]

1. e4 c5 2. Nf3 d6 3. d4 cxd4 4. Nxd4 Nf6 5. f3 g6 6. c4 Bg7 7. Nc3 Nc6 8. Be3
a6 9. Qd2 Bd7 10. Be2 O-O 11. O-O Qa5 12. a3 Rac8 13. b4 Qh5 14. Rac1 Qh4 15.
Nxc6 bxc6 16. Na4 Be6 17. Rfd1 h6 18. Nb6 Rcd8 19. c5 Bb3 20. Qe1 Qxe1+ 21.
Rxe1 d5 22. Bxa6 dxe4 23. Bb7 exf3 24. Bxc6 Ng4 25. Bxf3 Nxe3 26. Rxe3 Bd4 27.
Rcc3 Bd1 28. Bxd1 Bxc3 29. Rxc3 Rxd1+ 30. Kf2 e5 31. c6 Rd6 32. a4 f5 33. a5 e4
34. c7 f4 35. Rc2 g5 36. c8=Q Rxc8 37. Nxc8 Rd4 38. Ne7+ Kh7 39. Nc6 Rd1 40. a6
g4 41. a7 1-0